Every WWE Championship Change In Order - Statistics

General Stats
  • This quiz has been taken 195 times
    71 since last reset
  • The average score is 122 of 152
Answer Stats
Event Date Won Answer Days Held % Correct
New Year's Revolution '06 1/8/2006 Edge 21
100%
The Great American Bash '04 6/27/2004 John "Bradshaw" Layfield 280
100%
WrestleMania XXI 4/3/2005 John Cena 280
100%
Royal Rumble '06 1/29/2006 John Cena 133
100%
No Mercy '07 10/7/2007 Randy Orton 1
100%
No Mercy '07 10/7/2007 Randy Orton 203
100%
ECW One Night Stand '06 6/11/2006 Rob Van Dam 22
100%
No Mercy '07 10/7/2007 Triple H 1
100%
No Mercy '16 9/11/2016 AJ Styles 140
89%
SmackDown Live 11/7/2017 AJ Styles 371
89%
SummerSlam '11 8/14/2011 Alberto Del Rio 35
89%
Hell in a Cell '11 10/2/2011 Alberto Del Rio 49
89%
Elimination Chamber '10 2/21/2010 Batista 35
89%
Monday Night Raw 9/13/2021 Big E 110
89%
Survivor Series '02 11/17/2002 Big Show 28
89%
Monday Night Raw 3/1/2021 Bobby Lashley 196
89%
Royal Rumble '22 1/29/2022 Bobby Lashley 21
89%
Elimination Chamber '17 2/12/2017 Bray Wyatt 49
89%
WrestleMania XIX 3/30/2003 Brock Lesnar 119
89%
Thursday Night SmackDown! 8/16/2003 Brock Lesnar 152
89%
SummerSlam '14 8/17/2014 Brock Lesnar 224
89%
SmackDown's 20th Anniversary 10/4/2019 Brock Lesnar 173
89%
Elimination Chamber '22 2/19/2022 Brock Lesnar 43
89%
Vengeance 12/9/2001 Chris Jericho 98
89%
Money in the Bank '11 7/17/2011 CM Punk 28*
89%
SummerSlam '11 8/14/2011 CM Punk 1*
89%
Survivor Series '11 11/20/2011 CM Punk 434
89%
WrestleMania XL Night 2 4/7/2024 Cody Rhodes 378
89%
SummerSlam Night 2 8/3/2025 Cody Rhodes 159
89%
SummerSlam '13 8/18/2013 Daniel Bryan 1
89%
Night of Champions '13 9/15/2013 Daniel Bryan 1
89%
WrestleMania XXX 4/6/2014 Daniel Bryan 64
89%
SmackDown Live 11/13/2018 Daniel Bryan 145
89%
Money in the Bank '16 6/19/2016 Dean Ambrose 84
89%
WrestleMania XXXVI Night 2 3/25/2020 Drew McIntyre 214
89%
Friday Night SmackDown 1/9/2026 Drew McIntyre N/A
89%
No Way Out '04 2/15/2004 Eddie Guerrero 133
89%
Monday Night Raw 7/3/2006 Edge 76
89%
Backlash '02 4/21/2002 Hulk Hogan 28
89%
Backlash '17 5/21/2017 Jinder Mahal 170
89%
Unforgiven '06 9/17/2006 John Cena 380
89%
Elimination Chamber '10 2/21/2010 John Cena 1
89%
WrestleMania XXVI 3/28/2010 John Cena 84
89%
Extreme Rules '11 5/1/2011 John Cena 77
89%
Monday Night Raw 7/25/2011 John Cena 20
89%
Night of Champions '11 8/18/2011 John Cena 14
89%
WrestleMania XXIX 4/7/2013 John Cena 133
89%
Money in the Bank '14 6/29/2014 John Cena 49
89%
Royal Rumble '17 1/29/2017 John Cena 14
89%
WrestleMania XLI Night 2 4/20/2025 John Cena 105
89%
WrestleMania XXXV 4/7/2019 Kofi Kingston 180
89%
Unforgiven '01 8/23/2001 Kurt Angle 15
89%
Armageddon '02 12/15/2002 Kurt Angle 105
89%
Vengeance '03 7/27/2003 Kurt Angle 51
89%
SummerSlam '13 8/18/2013 Randy Orton 28
89%
Hell in a Cell '13 10/27/2013 Randy Orton 161
89%
WrestleMania XXXIII 4/3/2017 Randy Orton 49
89%
Monday Night Raw 7/25/2011 Rey Mysterio 1
89%
Survivor Series '15 11/22/2015 Roman Reigns 1
89%
Monday Night Raw 12/14/2015 Roman Reigns 41
89%
WrestleMania XXXII 4/3/2016 Roman Reigns 77
89%
WrestleMania XXXVIII Night 2 4/3/2022 Roman Reigns 735
89%
WrestleMania XXXI 3/29/2015 Seth Rollins 221
89%
Money in the Bank '16 6/19/2016 Seth Rollins 1
89%
Survivor Series '15 11/22/2015 Sheamus 22
89%
WrestleMania X-Seven 4/1/2001 Stone Cold Steve Austin 175
89%
Monday Night Raw 10/8/2001 Stone Cold Steve Austin 62
89%
Elimination Chamber '21 2/21/2021 The Miz 8
89%
No Way Out '01 2/25/2001 The Rock 35
89%
Royal Rumble '13 1/27/2012 The Rock 70
89%
Judgement Day '02 5/19/2002 The Undertaker 63
89%
WrestleMania X8 3/17/2002 Triple H 35
89%
Backlash '08 4/27/2008 Triple H 210
89%
Royal Rumble '16 1/24/2016 Triple H 70
89%
Extreme Rules '09 6/7/2009 Batista 2
78%
In Your House 13: Final Four 2/16/1997 Bret Hart 1
78%
SummerSlam '97 8/3/1997 Bret Hart 98
78%
SummerSlam '02 8/25/2002 Brock Lesnar 84
78%
Day 1 '22 1/1/2022 Brock Lesnar 28
78%
Monday Night Raw 11/16/2020 Drew McIntyre 97
78%
Survivor Series '08 11/23/2008 Edge 21
78%
Royal Rumble '09 1/25/2009 Edge 21
78%
WWF on MSG Network 1/23/1984 Hulk Hogan 1,474
78%
Armageddon '08 12/14/2008 Jeff Hardy 42
78%
Breaking Point '09 9/13/2009 John Cena 21
78%
Bragging Rights '09 10/25/2009 John Cena 49
78%
King of the Ring '98 6/28/1998 Kane 1
78%
No Mercy '00 10/22/2000 Kurt Angle 126
78%
Monday Night Raw 12/29/1998 Mankind 26
78%
Halftime Heat '99 1/26/1999 Mankind 20
78%
Backlash '09 4/26/2009 Randy Orton 42
78%
Monday Night Raw 6/15/2009 Randy Orton 90
78%
Hell in a Cell '09 10/4/2009 Randy Orton 21
78%
Night of Champions '10 9/19/2010 Randy Orton 64
78%
Hell in a Cell '20 10/25/2020 Randy Orton 22
78%
Royal Rumble '97 1/19/1997 Shawn Michaels 25
78%
Survivor Series '97 11/9/1997 Shawn Michaels 140
78%
TLC: Tables, Ladders, & Chairs '09 12/13/2009 Sheamus 70
78%
WrestleMania XIV 3/29/1998 Stone Cold Steve Austin 90
78%
Monday Night Raw 6/29/1998 Stone Cold Steve Austin 90
78%
WrestleMania XV 3/28/1999 Stone Cold Steve Austin 56
78%
Monday Night Raw 6/28/1999 Stone Cold Steve Austin 55
78%
Monday Night Raw 11/22/2010 The Miz 160
78%
Survivor Series '98 11/15/1998 The Rock 44
78%
Royal Rumble '99 1/24/1999 The Rock 2
78%
Monday Night Raw 2/15/1999 The Rock 41
78%
Backlash '00 4/30/2000 The Rock 21
78%
King of the Ring '00 6/25/2000 The Rock 119
78%
Vengeance '02 7/21/2002 The Rock 35
78%
Over the Edge '99 5/23/1999 The Undertaker 36
78%
Monday Night Raw 8/23/1999 Triple H 22
78%
Unforgiven '99 9/26/1999 Triple H 49
78%
Monday Night Raw 1/3/2000 Triple H 118
78%
Judgement Day '00 5/21/2000 Triple H 35
78%
No Way Out '09 2/15/2009 Triple H 70
78%
Thursday Night SmackDown! 9/14/1999 Vince McMahon 6
78%
The Main Event I 2/5/1988 Andre the Giant 1
67%
Survivor Series '99 11/14/1999 Big Show 50
67%
Saskatoon House Show 8/12/1992 Bret Hart 174
67%
WrestleMania X 3/20/1994 Bret Hart 248
67%
Survivor Series '95 11/19/1995 Bret Hart 133
67%
MSG House Show 5/17/1963 Bruno Sammartino 2,803
67%
Heavyweight Wrestling from Washington 4/11/1963 Buddy Rogers 36
67%
MSG House Show 11/26/1994 Diesel 358
67%
WrestleMania V 4/2/1989 Hulk Hogan 364
67%
WrestleMania VII 3/24/1991 Hulk Hogan 248
67%
This Tuesday in Texas 12/3/1991 Hulk Hogan 1
67%
WrestleMania IX 4/4/1993 Hulk Hogan 70
67%
SummerSlam '99 8/22/1999 Mankind 1
67%
WrestleMania IV 3/27/1988 Randy Savage 371
67%
WrestleMania VIII 4/5/1992 Randy Savage 149
67%
Royal Rumble '92 1/19/1992 Ric Flair 77
67%
Prime Time Wrestling 9/1/1992 Ric Flair 41
67%
Royal Rumble '91 1/19/1991 Sgt. Slaughter 64
67%
WrestleMania XII 3/31/1996 Shawn Michaels 231
67%
Fatal 4-Way '10 6/20/2010 Sheamus 91
67%
Survivor Series '96 11/17/1996 Sycho Sid 63
67%
Monday Night Raw 2/17/1997 Sycho Sid 34
67%
WrestleMania VI 4/1/1990 The Ultimate Warrior 293
67%
Survivor Series '91 11/27/1991 The Undertaker 6
67%
WrestleMania XIII 3/23/1997 The Undertaker 133
67%
WrestleMania IX 4/4/1993 Yokozuna 1
67%
King of the Ring '93 6/13/1993 Yokozuna 280
67%
WWF on MSG Network 2/20/1978 Bob Backlund 648†
56%
WWF on MSG Network 12/17/1979 Bob Backlund 1,470†
56%
Survivor Series '94 11/23/1994 Bob Backlund 3
56%
MSG House Show 12/10/1973 Bruno Sammartino 1,237
56%
MSG House Show 1/18/1971 Ivan Koloff 21
56%
MSG House Show 2/8/1971 Pedro Morales 1,027
56%
Philadelphia House Show 12/1/1973 Stan Stasiak 9
56%
Baltimore House Show 4/30/1977 "Superstar" Billy Graham 296
56%
WWF on MSG Network 12/26/1983 The Iron Sheik 28
56%
No matching quizzes found
Score Distribution
Percent of People with Each Score
Percentile by Number Answered
Your Score History
You have not taken this quiz since the last reset